GD Demons - Statistics

General Stats
  • This quiz has been taken 48 times
  • The average score is 10 of 30
Answer Stats
Hint Answer % Correct
Most Famous Extreme Bloodbath
87%
Remake of Bloodbath Bloodlust
60%
Remake of Blast Processing Quantum Processing
60%
Hardest Robtop Demon Deadlocked
53%
Most Famous Memory Limbo
53%
Most Famous Insane Windy Landscape
53%
Most Famous Nine Circles Remake Sonic Wave
47%
Easiest The Nightmare
47%
Sequel to a Robtop Level Theory Of Everything 2
47%
Hardest of 2022 Acheron
40%
Last in the Trilogy Aftermath
40%
Fixed Hitboxes Avernus
40%
1st in the Trilogy Cataclysm
40%
Easiest Secret Way Demon ABCDEFGHIJKLMNOPQRS
33%
Monsters Clubstep
33%
First Demon Park
33%
Most Famous Hard Nine Circles
33%
Portal Clusters The Lightning Road
33%
I'm In Love With The Concept XO
33%
Best Change of Scene
27%
5 Coins Platinum Adventure
27%
Sequel to Killbot Requiem
27%
Hardest Tidal Wave
20%
Bam bom, bam bom Heartbeat
13%
Hardest of 2014 Ice Carbon Diablo X
13%
Hardest of 2016 Plasma Pulse Finale
13%
Hitboxes are Wonky Conical Depression
7%
Memory Ball Part Shiver
7%
Stuck Secret Way Permafrost Mountain
0%
Hardest Drop Silent Clubstep
0%
No matching quizzes found
Score Distribution
Percent of People with Each Score
Percentile by Number Answered
Your Score History
You have not taken this quiz